000 00964cam a22003133a 4500
001 9451
003 PGUSA
005 20140828083212.0
008 051201s2005||||xxu|||||s|||||000 1 eng d
040 _aPGUSA
_beng
042 _adc
050 4 _aPR
100 1 _aHardy, Thomas,
_d1840-1928
245 1 4 _aThe Woodlanders
_h[electronic resource] /
_cThomas Hardy
260 _bProject Gutenberg,
_c2005
506 _aCopyrighted. Read the copyright notice inside this book for details.
516 _aElectronic text
653 _aArranged marriage -- Fiction
653 _aDorset (England) -- Fiction
653 _aPsychological fiction
653 _aTriangles (Interpersonal relations) -- Fiction
653 _aForests and forestry -- Fiction
653 _aLove stories
653 _aPastoral fiction
653 _aSocial classes -- Fiction
830 0 _aProject Gutenberg
_v9451
856 4 0 _uhttp://www.gutenberg.org/ebooks/9451
942 _cAB
999 _c238707
_d238707